The little Oxford thesaurus (Record no. 4766)

000 -LEADER
fixed length control field 00762 a2200205 4500
020 ## - INTERNATIONAL STANDARD BOOK NUMBER
International Standard Book Number 0198604610
020 ## - INTERNATIONAL STANDARD BOOK NUMBER
International Standard Book Number 0198604505 (pbk.)
040 ## - CATALOGING SOURCE
Original cataloging agency DLC
Language of cataloging DLC
082 00 - DEWEY DECIMAL CLASSIFICATION NUMBER
Classification number 423/.1
245 04 - TITLE STATEMENT
Title The little Oxford thesaurus
Statement of responsibility, etc. edited by Martin Nixon ; with Lucinda Coventry
250 ## - EDITION STATEMENT
Edition statement 2nd ed.
260 ## - PUBLICATION, DISTRIBUTION, ETC.
Place of publication, distribution, etc. Oxford ;
-- New York :
Name of publisher, distributor, etc. Oxford University Press,
Date of publication, distribution, etc. c2002.
300 ## - PHYSICAL DESCRIPTION
Extent iv, 668 p.
Dimensions 16 cm.
650 #0 - SUBJECT ADDED ENTRY--TOPICAL TERM
Topical term or geographic name entry element English language
General subdivision Synonyms and antonyms.
700 1# - ADDED ENTRY--PERSONAL NAME
Personal name Nixon, Martin.
700 1# - ADDED ENTRY--PERSONAL NAME
Personal name Coventry, Lucinda.
856 42 - ELECTRONIC LOCATION AND ACCESS
Materials specified Publisher description
Uniform Resource Identifier <a href="http://www.loc.gov/catdir/enhancements/fy0613/2002072330-d.html">http://www.loc.gov/catdir/enhancements/fy0613/2002072330-d.html</a>
856 42 - ELECTRONIC LOCATION AND ACCESS
Materials specified Contributor biographical information
Uniform Resource Identifier <a href="http://www.loc.gov/catdir/enhancements/fy0724/2002072330-b.html">http://www.loc.gov/catdir/enhancements/fy0724/2002072330-b.html</a>
942 ## - ADDED ENTRY ELEMENTS (KOHA)
Koha item type Book
Call number prefix 423.1 NIX
Source of classification or shelving scheme
Holdings
Withdrawn status Lost status Damaged status Not for loan Collection code Permanent Location Current Location Shelving location Date acquired Source of acquisition Cost, normal purchase price Full call number Barcode Date last seen Price effective from Koha item type
          Central Library (CL) Central Library (CL) General Stacks 04/03/2007 Oxfor Press 579.36 423.1 NIX SEECS008300 08/02/2023 01/05/2017 Reference
© 2023 Central Library, National University of Sciences and Technology. All Rights Reserved.